Normal view
MARC view
- الأنقوري، عبد الحميد بن عبد الرحمن ؛ تحقيق وضبط وتعليق: خالد عبد الفتاح شبل
Entry Personal Name
001 - CONTROL NUMBER
- control field: 7364
003 - CONTROL NUMBER IDENTIFIER
- control field: JO-AjAnu
005 - DATE AND TIME OF LATEST TRANSACTION
- control field: 20230606071506.0
008 - FIXED-LENGTH DATA ELEMENTS
- fixed length control field: 230606|| aca||aabn | a|a d
040 ## - CATALOGING SOURCE
- Original cataloging agency: JO-AjAnu
- Transcribing agency: JO-AjAnu
100 ## - HEADING--PERSONAL NAME
- Personal name: الأنقوري، عبد الحميد بن عبد الرحمن ؛ تحقيق وضبط وتعليق: خالد عبد الفتاح شبل
670 ## - SOURCE DATA FOUND
- Source citation: Work cat.: (JO-AjAnu)3810: الأنقوري، عبد الحميد بن عبد الرحمن ؛ تحقيق وضبط وتعليق: خالد عبد الفتاح شبل, author, منية الواعظين وغنية المتعظين